Umění a kultura : sborník příspěvků z Mezinárodní konference kulturních studií (Searching for Culture - SEFOC), 16.-17. října 2014, Univerzita Palackého v Olomouci : volume 6 /

Korporativní autor: Univerzita Palackého
Další autoři: Searching for Culture (konference), Daniel, Ladislav, 1950-
Jazyk: Slovenština
Čeština
Vydáno: Olomouc : Univerzita Palackého v Olomouci, 2015
Vydání: 1. vydání
Edice: Sborníky
Témata:
Fyzický popis: 115 stran : ilustrace, portréty, faksimile ; 25 cm
Language note: Částečně slovenský text, česká, anglická a slovenská resumé
Knihy
Uloženo v:
LEADER 02139nam a2200529 i 4500
001 nkc20152731599
003 CZ PrNK
005 20160513134833.0
007 ta
008 150917s2015 xr ach f 100 0 cze
015 |a cnb002731599 
020 |a 978-80-244-4751-3  |q (brožováno) :  |c neprodejné 
035 |a (OCoLC)934900181 
040 |a ABA001  |b cze  |d BOA001  |e rda 
041 0 |a cze  |a slo  |b cze  |b eng  |b slo 
072 7 |a 72/76  |x Výtvarné umění  |2 Konspekt  |9 21 
080 |a 72/76(091)  |2 MRF 
080 |a 7.011:316.72/.75  |2 MRF 
080 |a (062.534)  |2 MRF 
111 2 |a Searching for Culture (konference)  |d (2014 :  |c Olomouc, Česko)  |7 olak2015882252  |4 aut 
245 1 0 |a Umění a kultura :  |b sborník příspěvků z Mezinárodní konference kulturních studií (Searching for Culture - SEFOC), 16.-17. října 2014, Univerzita Palackého v Olomouci : volume 6 /  |c Ladislav Daniel (ed.) 
246 3 0 |a Searching for Culture - SEFOC 
246 3 0 |a SEFOC 6 
250 |a 1. vydání 
264 1 |a Olomouc :  |b Univerzita Palackého v Olomouci,  |c 2015 
300 |a 115 stran :  |b ilustrace, portréty, faksimile ;  |c 25 cm 
336 |a text  |b txt  |2 rdacontent 
337 |a bez média  |b n  |2 rdamedia 
338 |a svazek  |b nc  |2 rdacarrier 
490 1 |a Sborníky 
504 |a Obsahuje bibliografie a bibliografické odkazy 
521 8 |a Určeno pro odbornou veřejnost 
546 |a Částečně slovenský text, česká, anglická a slovenská resumé 
650 0 7 |a dějiny výtvarného umění  |7 ph486026  |2 czenas 
650 0 7 |a umění a společnost  |7 ph126924  |2 czenas 
650 0 9 |a history of art  |2 eczenas 
650 0 9 |a art and society  |2 eczenas 
655 7 |a sborníky konferencí  |7 fd133333  |2 czenas 
655 9 |a proceedings of conferences  |2 eczenas 
700 1 |a Daniel, Ladislav,  |d 1950-  |7 jn19981000555  |4 edt 
710 2 |a Univerzita Palackého  |7 kn20010709130  |4 orm  |4 isb 
810 2 |a Univerzita Palackého.  |t Sborníky  |0 s 
910 2 |a BOA001  |b 2-1357.171 
990 |a BK 
995 |a 01 
991 |b 201511  |c NOV 
996 6 |b 2610650600  |c 2-1357.171  |l MZK  |r Sklad / do 1 hodiny  |n 0  |p p.v.  |w 001531372  |u 000010  |a 1  |e BOA001  |j MZK50  |s P